| 000 | 00858cam a22002774a 4500 | ||
|---|---|---|---|
| 001 | 13591103 | ||
| 003 | OSt | ||
| 005 | 20161208133429.0 | ||
| 008 | 040512s2005 njua b 001 0 eng | ||
| 010 | _a 2004050529 | ||
| 020 | _a013146597X | ||
| 040 |
_aDLC _cDLC _dDLC |
||
| 042 | _apcc | ||
| 050 | 0 | 0 |
_aHA32 _b.G737 2005 |
| 082 | 0 | 0 |
_a005.72 _222 _bGRE 2004 |
| 100 | 1 |
_aGreen, Samuel B.; Neil J. Salkind. _d1947- _96423 |
|
| 245 | 1 | 0 |
_aUsing SPSS for Windows and Macintosh : _banalyzing and understanding data |
| 250 | _a4th ed. | ||
| 260 |
_aUpper Saddle River; _bPearson, _c2005. |
||
| 300 |
_axv, 458 p. : _bill. ; _c28 cm. + CD |
||
| 504 | _aIncludes bibliographical references and index. | ||
| 650 | 0 |
_aInformation systems _96424 |
|
| 650 | 0 |
_aResearch methods _92296 |
|
| 906 |
_a7 _bcbc _corignew _d1 _eocip _f20 _gy-gencatlg |
||
| 942 |
_2ddc _cSLOAN |
||
| 999 |
_c2763 _d2763 |
||